Normal view
MARC view
- DESIGNING PROCESSES CONTROL SYSTEMS FOR DYNAMIC PERFORMANCE
Entry Topical Term
001 - CONTROL NUMBER
- control field: 57940
003 - CONTROL NUMBER IDENTIFIER
- control field: NUST
005 - DATE AND TIME OF LATEST TRANSACTION
- control field: 20210628202026.0
008 - FIXED-LENGTH DATA ELEMENTS
- fixed length control field: 210628|| aca||aabn | a|a d
040 ## - CATALOGING SOURCE
- Original cataloging agency: NUST
- Transcribing agency: NUST
150 ## - HEADING--TOPICAL TERM
- Topical term or geographic name entry element: DESIGNING PROCESSES CONTROL SYSTEMS FOR DYNAMIC PERFORMANCE
670 ## - SOURCE DATA FOUND
- Source citation: Work cat.: (NUST): Marlin, Thomas E 51941, Process control, designing processes and control systems for dynamic performance, 2000
